Camp - Childish Gambino - Statistics

General Stats
  • This quiz has been taken 10 times
  • The average score is 9 of 13
Answer Stats
Songs Plays Artists % Correct
Heartbeat 749,303,644 Childish Gambino
100%
Letter Home 26,572,977 Childish Gambino
100%
Les 887,909,690 Childish Gambino
86%
All The Shine 32,876,274 Childish Gambino
71%
Bonfire 450,055,426 Childish Gambino
71%
Fire Fly 64,775,332 Childish Gambino
71%
Kids 29,449,931 Childish Gambino
71%
That Power 30,163,398 Childish Gambino
57%
You See Me 51,846,872 Childish Gambino
57%
Backpackers 30,264,440 Childish Gambino
43%
Hold You Down 26,403,497 Childish Gambino
43%
Outside 28,648,489 Childish Gambino
43%
Sunrise 50,321,671 Childish Gambino
43%
No matching quizzes found
Score Distribution
Percent of People with Each Score
Percentile by Number Answered
Your Score History
You have not taken this quiz